000 00362nam a2200145Ia 4500
008 221030s9999 xx 000 0 und d
020 _a9380358541
041 _aEnglish
100 _aS. C. Rangwala
245 0 _aEstimating, Costing & Valuation
_cby S. C. Rangwala
260 _bCharotar Pub
_aGujarat
_c2012
300 _a738
650 _aCivil
942 _cBK
999 _c14980
_d14980